[Event "BEL FEFB-ch"]
[Site "Fontaine l'Eveque"]
[Date "2004.??.??"]
[Round "6"]
[White "Akhayan, Ruben"]
[Black "Couillard, Marc"]
[Result "1-0"]
[WhiteElo "2279"]
[BlackElo "1955"]
[PlyCount "42"]
[EventDate "2004.05.20"]
[EventType "swiss"]
[EventRounds "7"]
[EventCountry "BEL"]
[SourceTitle "EXT 2008"]
[Source "ChessBase"]
[SourceDate "2007.11.25"]
[SourceVersion "1"]
[SourceVersionDate "2007.11.25"]
[SourceQuality "1"]

1. e4 c5 2. Nf3 Nc6 3. Nc3 d6 4. d4 cxd4 5. Nxd4 e5 6. Nf5 Nf6 7. Bc4 Bxf5 8. exf5 Nd4 9. 0-0 Be7 10. Nd5 Rc8 11. Qd3 Nxd5 12. Bxd5 Nxc2 13. Qb5+ Kf8 14. Rb1 a6 15. Qe2 Rc5 16. Qe4 Qd7 17. b4 Rc8 18. Bb2 Bf6 19. f4 Nd4 20. Rbe1 a5 21. fxe5 Bxe5 1-0